000 00535nam a2200193Ia 4500
003 LDD
008 181029s9999 xx 000 0 und d
020 _a1851682589
_c225.00
040 _cLDD
100 _aForward, Martin
245 0 _aReligion
_ba beginner's guide
_cMartin Forward
260 _aEngland
_bOneworld
_c2006
300 _axvii,190p.
365 _b225.00
901 _a3843
_b14-02-2007
902 _a7422
_b27-02-2007
_cF
_dVIVA
_e31
903 _aDiscount-10
_bReqst by : Kapur, Tribhuwan (Dr.)
942 _2ddc
_cBK
999 _c78711
_d78711